| 000 | 00638nam a22002057a 4500 | ||
|---|---|---|---|
| 999 |
_c8862 _d8862 |
||
| 003 | AR-CdUCM | ||
| 008 | 190326b ||||| |||| 00| 0 sp d | ||
| 040 |
_aMUNICIPALIDAD PROVINCIAL DEL CUSCO _cBIBLIOTECA MUNICIPAL DEL CUSCO |
||
| 082 |
_a869.56 / _bP31 |
||
| 100 |
_aPavletich, Esteban _9785 |
||
| 245 | _aTres Relatos / | ||
| 260 |
_aPerú : _bEdiciones "Demos" , _c1959. |
||
| 300 |
_a46 páginas ; _c20.4 cm. |
||
| 500 | _aContiene dedicatoria a Luis Nieto 1968. | ||
| 650 |
_aLiteratura Ltinoamericana _924665 |
||
| 650 |
_aLiteratura Peruana _9132 |
||
| 650 |
_aLiteratura Narrativa _9197 |
||
| 942 |
_2ddc _cLIBROS |
||
| 945 | _artm | ||